000 01174nam0a2200313 4500
001 RU\NLR\bibl\189042
005 20250619085140.0
035 _a(NLR Aleph) 000185578
090 _a1072209
_c1072209
100 _a20011003d1997 |||y0rusy50 ca
101 0 _arus
102 _aRU
105 _aa |||||||||
200 1 _aАнализ состояния подготовительных работ на шахтах АООТ "Ленинскуголь"
_fА.В. Ремезов, В.П. Мазикин
_gПод ред. акад. АГН П.В. Егорова
_gАкад. горн. наук
210 _aКемерово
_cАкад. горн. наук
_d1997
215 _a[1],27 с.
_cил.
_d21
320 _aБиблиогр.: с. 27 (3 назв.)
606 0 _aКаменный уголь
_xДобыча
_91248904
_3RU\NLR\auth\66510982
686 _aИ31
700 1 _aРемезов
_bА. В.
_4070
701 1 _aМазикин
_bВ. П.
_4070
801 0 _aRU
_bNLR
_c20011003
_gPSBO
801 1 _aRU
_bNLR
_c20011003
852 _aNLR
_j2000-4/5442
942 _cBOOK
980 _aNB